Billy Joel Song to Lyrics - Click Quiz - Statistics

General Stats
  • This quiz has been taken 126 times
  • The average score is 13 of 20
Answer Stats
Hint Answer % Correct
She can do what she pleases, she's nobody's fool She's Always a Woman
94%
And the microphone smells like a beer Piano Man
92%
It's 9 o'clock on a Saturday Piano Man
92%
And the most she will do is throw shadows at you She's Always a Woman
79%
And she'll take what you give her as long as it's free She's Always a Woman
78%
Slow down, you crazy child Vienna
77%
Hop a flight to Miami Beach or to Hollywood New York State of Mind
69%
I don't want you to tell me it's time to come home My Life
67%
Tell me, why are you still so afraid Vienna
66%
You've got so much to do and only so many hours in a day Vienna
66%
And take you to your special island Captain Jack
63%
I don't need you to worry for me My Life
61%
And you just sit at home and masturbate Captain Jack
58%
Today I am the champion The Entertainer
54%
Like another can of beans The Entertainer
51%
Another serenader and another long haired band The Entertainer
47%
And the radio repeats them every day If I Only Had The Words
44%
When the simple lines have all been taken If I Only Had The Words
43%
Child of Eisenhower, New world celebrator Streetlife Serenader
26%
How the words are spoken Streetlife Serenader
25%
No matching quizzes found
Score Distribution
Percent of People with Each Score
Percentile by Number Answered
Your Score History
You have not taken this quiz